Kopyrolýza zmiešaných plastov s ropnými frakciami

Salvato in:
Dettagli Bibliografici
Autore principale: Taranda, Richard
Natura: Libro
Lingua:inglese
Pubblicazione: Bratislava STU FCHPT 2006
Accesso online:Visualizza in OPAC
Tags: Aggiungi Tag
Nessun Tag, puoi essere il primo ad aggiungerne!!

MARC

LEADER 00000nam a2200000 a 4500
005 20260127134054.0
008 060607 2006 xo 000 0 eng d
035 |a vtls008772600 
039 9 |y 200606130715  |z mschk03 
040 |a STUSCHK1  |b slo  |c STUSCHK1  |e AACR2 
100 1 |a Taranda, Richard 
245 1 |a Kopyrolýza zmiešaných plastov s ropnými frakciami 
260 |a Bratislava  |b STU FCHPT  |c 2006 
300 |a 90 s.  |b obr.,tab.,grafy, lit. + CD-ROM 
500 |a Obháj.: 6.6. 2006 
500 |a Špec.: Technológia ropy a petrochémie 
500 |a Ústav organickej katalýzy a petrochémie 
910 |a SCHK95 
999 |c 3441  |d 3441